La casa de Lila (Registro nro. 131)

Detalles MARC
000 -Cabecera
Campo de control de longitud fija 00562aam a2200229 4500
005 - Fecha y hora de la última transacción
Campo de control 20260316173446.0
008 - Elementos de longitud fija--Información general
Campo de control de longitud fija 150721b1997 xxu||||| |||| 00| 0 spa d
020 ## - International Standard Book Number
Número Internacional Estándar del Libro (ISBN) 9978776025
041 ## - Idioma
Código de idioma Español
082 ## - Clasificación Decimal Dewey
Número de clasificación 364.153.4 SCH333g
100 ## - Entrada principal--Autor personal
Nombre personal Schifter Sikora, Jacobo
9 (RLIN) 11189
245 ## - Título propiamente dicho
Título La casa de Lila
260 ## - Pie de imprenta
Lugar de publicación, distribución, etc. Costa Rica
260 ## - Pie de imprenta
Nombre del editor, distribuidor, etc. Ilpes
260 ## - Pie de imprenta
Fecha de publicación, distribución, etc. 1997
300 ## - Descripción física
Extensión 177 páginas
490 ## - Serie
Título de la Serie Investigación Criminal
650 ## - Materia general
Temática (materia general) PROSTITUCIÓN MASCULINA
650 ## - Materia general
Temática (materia general) PRÁCTICA SEXUAL
650 ## - Materia general
Temática (materia general) CULTURA SEXUAL
942 ## - Punto de acceso adicional KOHA
Tipo de ítem KOHA Libro
Fuente del sistema de clasificación o colocación Dewey Decimal Classification
Existencias
Signatura completa Código de barras Programa Académico Tipo de ítem
364.153.4 SCH333g 3248 Investigación Criminal Libro